Pondicherry at a glance (Record no. 487338)

000 -LEADER
fixed length control field 00366cam a22001217a 4500
008 - FIXED-LENGTH DATA ELEMENTS--GENERAL INFORMATION
fixed length control field 180718b-- xxu||||| |||| 00| 0 eng d
082 ## - DEWEY DECIMAL CLASSIFICATION NUMBER
Classification number A8x54521 G
100 ## - MAIN ENTRY--PERSONAL NAME
Personal name Pondicherry. Directorate of Economics and Statistics
245 ## - TITLE STATEMENT
Title Pondicherry at a glance
260 ## - PUBLICATION, DISTRIBUTION, ETC.
Place of publication, distribution, etc. Pondicherry
Name of publisher, distributor, etc. The author
Date of publication, distribution, etc. --
500 ## - GENERAL NOTE
General note Library has 1998-1999
650 ## - SUBJECT ADDED ENTRY--TOPICAL TERM
Topical term or geographic name entry element Pondicherry - Statistics
Holdings
Withdrawn status Lost status Damaged status Not for loan Permanent Location Current Location Date acquired Full call number Barcode Date last seen Price effective from Koha item type
        Indian Institute of Public Administration Indian Institute of Public Administration 2018-08-04 A8x54521 G GG24051 2018-08-04 2018-08-04 GG
        Indian Institute of Public Administration Indian Institute of Public Administration 2018-08-04 A8x54521 G GG23312 2018-08-04 2018-08-04 GG

Powered by Koha